| 000 | 00854nam a22002297a 4500 | ||
|---|---|---|---|
| 005 | 20240530110533.0 | ||
| 008 | 160323s2013 ua f 000 0 ara d | ||
| 017 |
_a2012/22207 _bمصر . دار الكتب المصرية |
||
| 020 | _a9789770931929 | ||
| 040 | _aEG-CaGPL | ||
| 082 | 0 | 4 |
_221 _a962 _bق/ع إ |
| 100 | 0 | _aعمرو الشلقانى . | |
| 245 | 1 | 0 |
_aازدهار و انهيار النخبة القانونية المصرية 1805 - 2005 / _cعمرو الشلقانى . |
| 250 | _aط1. | ||
| 260 |
_aالقاهرة : _bدار الشروق ، _c2013 . |
||
| 300 |
_a377 ص ؛ _c24 سم . |
||
| 504 | _aيشتمل على ارجاعات ببليوجرافية . | ||
| 650 | 0 | 4 |
_aالقضاء _zمصر . |
| 651 |
_aمصر _xتاريخ _yالعصر الحديث . |
||
| 942 |
_2ddc _cBK |
||
| 999 |
_c62130 _d62130 |
||